Países Actuales con Monarquía - Estadísticas

Estadísticas generales
  • Esta prueba ha sido intentada 32 veces
  • La puntuación promedio es 27 de 38
Estadísticas de respuestas
Continente País % Correcto
Europa España
97%
Europa Reino Unido
97%
Europa Noruega
94%
Europa Liechtenstein
90%
Europa Luxemburgo
90%
Europa Suecia
90%
Oceanía Nueva Zelanda
84%
Asia Tailandia
84%
Asia Arabia Saudí
81%
Oceanía Australia
81%
Asia Japón
81%
Asia Brunéi
77%
Europa Ciudad del Vaticano
77%
Europa Mónaco
77%
Europa Países Bajos
77%
Europa Bélgica
74%
África Marruecos
74%
América Antigua y Barbuda
71%
Asia Catar
71%
Asia Omán
71%
Asia Bareín
68%
Asia Jordania
68%
América Bahamas
65%
América Canadá
65%
América San Cristóbal y Nieves
65%
América Santa Lucía
65%
Asia Kuwait
61%
América San Vicente y las Granadinas
61%
América Jamaica
58%
África Lesoto
58%
Asia Camboya
55%
Oceanía Islas Salomón
55%
América Belice
52%
Asia Malasia
52%
Oceanía Papúa Nueva Guinea
52%
Oceanía Tuvalu
52%
África Esuatini
48%
Asia Emiratos Árabes Unido
35%
No se encontraron pruebas coincidentes
Distribución de puntuación
Porcentaje de gente con cada puntuación
Porcentaje por número respondido
Historial de tus puntuaciones
No has intentado esta prueba.